000 00394nam a2200145 i 4500
001 bgj
100 1 _aSMITH, Betty
_d(1896-1972).
245 1 0 _aTomorrow will be better /
_cBetty Smith.
260 _aNew York :
_bPerennial Library Harper & Row, Publishers,
_c1965.
300 _a247 pp ;
_c19 cm.
040 _cBPK
041 0 _aeng
942 _cKS
008 s uk f |000 0 eng
999 _c48339
_d48339
856 _uhttp://koha.tu.koszalin.pl/cgi-bin/koha/opac-detail.pl?biblionumber=48339
_yKatalog online BPK